Представление документа в формате RUSMARC

ПолеНазваниеЗначение
  Тип записи a
  Библиографический уровень m
001 Контрольный номер RU/CBS_UL/BASE/83baeec1c4a2457eb0c693acfcf6b8f8
005 Дата корректировки 20240402154644.9
010 Индекс ISBN __
a ISBN 978-5-9907155-5-4
b Уточнения в пер.
d Цена 498 р. 30 к.
9 Тираж 7 000 экз.
100 Данные общей обработки __
a Данные общей обработки 20130116d2002 ||||0rusy0189||||ca
101 Язык документа 0_
a Язык текста rus
102 Страна публикации __
a Страна публикации RU
105 Кодированные данные (монография) __
a Кодированные данные (монография) y###||||000|y
200 Заглавие и сведения об ответственности 1_
a Заглавие Города и лица
b Общее обозначение материала Текст
e Сведения, относящиеся к заглавию знакомые черты
g Последующие сведения об ответственности авт. текста Ю. Н. Лубченков
210 Выходные данные 1_
a Место издания Екатеринбург
c Издательство Караван
d Дата издания 2016
215 Физическое описание __
a Объем 443 с.
c Иллюстрации/тип воспроизводства ил., фото
d Формат 29 см.
300 Общие примечания __
a Общие примечания 12+
606 Тематические рубрики 0_
a Основная рубрика История городов России
y Географическая подрубрика Сергиев Посад, город (Московская область)
y Географическая подрубрика Петрозаводск, город
y Географическая подрубрика Ростов, город (Ярославская область)
y Географическая подрубрика Ярославль, город
y Географическая подрубрика Кострома, город
y Географическая подрубрика Владимир, город
y Географическая подрубрика Ульяновск-Симбирск, город
610 Ключевые слова 0_
a Ключевые слова история русская
a Ключевые слова города России
a Ключевые слова архитектура
a Ключевые слова росписи церковные
a Ключевые слова города старинные
a Ключевые слова памятники
a Ключевые слова соборы
a Ключевые слова церкви
610 Ключевые слова 0_
a Ключевые слова Золотое кольцо (города)
686 Индексы других классификаций __
a Классификационный индекс 63.3(2Рос-2)
2 Код системы ББК
801 Источник записи _0
a Страна RU
b Организация МБУК ЦБС г. Ульяновска
c Дата составления 20130116
g Правила каталогизации RCR
801 Источник записи _1
a Страна RU
b Организация МБУК ЦБС г. Ульяновска
c Дата составления 20130116
g Правила каталогизации RCR
899 Данные о местонахождении __
i Авторский знак Г 70
j Расстановочный фильтр 63.3(2Рос...)
900 Электронные ресурсы __
a Имя электронного ресурса Города и лица
901 Тип документа __
t Тип документа m
910 Корректоры записи __
a Корректор записи Хисамова